Nezdravá ekonomizácia každej činnosti komentár KOZ SR k správe vlády SR o dodržiavaní Európskej sociálnej charty
Plnenie ďalších záväzkov vyplývajúcich z noriem Európskej sociálnej charty. Sociálne zabezpečenie. Sociálna starostlivosť. Zdravotná starostlivosť. Právo rodiny na sociálnu, právnu a hospodársku ochranu.
Salvato in:
| Autore principale: | |
|---|---|
| Natura: | Capitolo di libro |
| Lingua: | slovacco |
| Soggetti: | |
| Tags: |
Nessun Tag, puoi essere il primo ad aggiungerne!!
|
MARC
| LEADER | 00000naa$a2200000$$$4500 | ||
|---|---|---|---|
| 001 | 0035999 | ||
| 005 | 20231016084529.4 | ||
| 041 | 0 | |a slo | |
| 044 | |a SK | ||
| 245 | 1 | 0 | |a Nezdravá ekonomizácia každej činnosti |b komentár KOZ SR k správe vlády SR o dodržiavaní Európskej sociálnej charty |c Juraj Džupa |
| 520 | |a Plnenie ďalších záväzkov vyplývajúcich z noriem Európskej sociálnej charty. Sociálne zabezpečenie. Sociálna starostlivosť. Zdravotná starostlivosť. Právo rodiny na sociálnu, právnu a hospodársku ochranu. | ||
| 610 | 2 | 0 | |a zabezpečenie sociálne |
| 610 | 2 | 0 | |a starostlivosť sociálna |
| 610 | 2 | 0 | |a starostlivosť zdravotná |
| 610 | 2 | 0 | |a ochrana právna |
| 610 | 2 | 0 | |a ochrana sociálna |
| 610 | 2 | 0 | |a rodina |
| 610 | 2 | 0 | |a Európska sociálna charta |
| 100 | 1 | |a Džupa, Juraj | |